| 000 | 01412cam a22003617a 4500 | ||
|---|---|---|---|
| 003 | CHAP | ||
| 005 | 20220329142837.0 | ||
| 008 | 040803d2003 mx a r 00110 spa d | ||
| 010 | _a88596 | ||
| 011 | _a89568 | ||
| 035 | _a100119 | ||
| 040 | _cCHAP | ||
| 090 | _aTesis | ||
| 100 | 0 | 0 |
_aGuillén Sánchez, Dagoberto. _951408 |
| 245 | 1 | 0 |
_aEfecto de las emisiones de SO2 y cenizas en la severidad de la cenicilla (Oidium mangiferae Berthet) y cladosporiosis (Cladosporium tenuissimum Cooke) del mango (Mangifera indica L.) en la costa del pacífico mexicano _c/por Dagoberto Guillén Sánchez |
| 260 |
_aMontecillo, Méx. : _bEl autor, _c2003. |
||
| 300 |
_a99 h. : _bilus. |
||
| 502 | _aTesis (Dr. en Ciencias) -- CP. Instituto de Fitosanidad. Programa de Fitopatología | ||
| 590 |
_aALEPH _b10 _c20130110 _lUCH01 _h1459 |
||
| 590 |
_aBATCH-UPD _b10 _c20130110 _lUCH01 _h0641 |
||
| 590 |
_aBATCH-UPD _b10 _c20130409 _lUCH01 _h1832 |
||
| 590 |
_aBATCH-UPD _b10 _c20130410 _lUCH01 _h0325 |
||
| 590 |
_aBATCH-UPD _b10 _c20130914 _lUCH01 _h0946 |
||
| 590 |
_aCONVERSION _b10 _c20130109 _lUCH01 _h1349 |
||
| 650 | 1 | 4 |
_aCladosporium tenuissimum. _923584 |
| 650 | 1 | 4 |
_aMango _xEnfermedades por hongos. _970411 |
| 650 | 1 | 4 |
_aMango _xMéxico. _970437 |
| 650 | 1 | 4 |
_aOidium mangiferae. _982882 |
| 901 | _aBK | ||
| 905 | _aAlejandra Carrasco M. | ||
| 942 | _cTESIS | ||
| 949 |
_aTesis _bBC _cTES _d1001191 _eTS1 _h42267 _i100119 _sb |
||
| 999 |
_c88596 _d88596 |
||